| 000 | 01014nam a2200265Ia 4500 | ||
|---|---|---|---|
| 003 | OSt | ||
| 005 | 20221005104408.0 | ||
| 006 | a|||||r|||| 00| 0 | ||
| 007 | ta | ||
| 008 | 221004b |||||||| |||| 00| 0 hin d | ||
| 020 | _c300 | ||
| 024 | _a1666 | ||
| 037 |
_b13337, 23/07/2012, Kitab Ghar _cTextual |
||
| 040 |
_aCRL _cCRL _bhin |
||
| 041 |
_2hin _ahin |
||
| 082 | _aZ:(P152:795), P5.1 | ||
| 100 | _aअग्रवाल, कृष्ण गोपाल, संपा. | ||
| 245 | 0 | _aविधि अनुवाद सिद्धांत और व्यवहार | |
| 246 | _aVidhi anuvād siddhāanta aur vyavahāra | ||
| 260 |
_aदिल्ली _bभारतीय अनुवाद भारत _c2005 |
||
| 490 | _vभाग 1 | ||
| 650 | _aकानून शास्त्र | ||
| 942 |
_hZ:(P152:795), P5.1 _cTEXL _2cc |
||
| 999 |
_c1012580 _d1012580 |
||